Normal view
MARC view
- Martens, Willem Jozef Meine,
Entry Personal Name
001 - CONTROL NUMBER
- control field: 2961
003 - CONTROL NUMBER IDENTIFIER
- control field: NUST
005 - DATE AND TIME OF LATEST TRANSACTION
- control field: 20170620133613.0
008 - FIXED-LENGTH DATA ELEMENTS
- fixed length control field: 170620|| aca||aabn | a|a d
040 ## - CATALOGING SOURCE
- Original cataloging agency: NUST
- Transcribing agency: NUST
100 ## - HEADING--PERSONAL NAME
- Personal name: Martens, Willem Jozef Meine,
- Dates associated with a name: 1968-
670 ## - SOURCE DATA FOUND
- Source citation: Work cat.: (NUST)0: Martens, Willem Jozef Meine, 1968-, Health and climate change :, 1998.
